| 000 | 01620cam a2200433 i 4500 | ||
|---|---|---|---|
| 999 |
_c200429877 _d47803 |
||
| 001 | 200429877 | ||
| 003 | TR-AnTOB | ||
| 005 | 20241106140138.0 | ||
| 007 | ta | ||
| 008 | 081009s2008 pl a b 101 0 pol c | ||
| 010 | _a 2008467938 | ||
| 020 | _a9788389607348 | ||
| 020 | _a8389607344 | ||
| 035 | _a(OCoLC)ocn244249832 | ||
| 040 |
_aZCU _beng _erda _cZCU _dDLC _dTR-AnTOB |
||
| 041 | 0 |
_aund _beng |
|
| 042 | _apcc | ||
| 050 | 0 | 0 |
_aDK214 _b.P65 2008 |
| 090 |
_aDK214 _b.P65 2008 |
||
| 245 | 0 | 0 |
_aPolacy i ziemie polskie w dobie wojny krymskiej / _cpod redakcją Jerzego W. Borejszy i Grzegorza P. Bąbiaka. |
| 264 | 1 |
_aWarszawa : _bPolski Instytut Spraw Mięzynarodowych, _c2008. |
|
| 300 |
_a281 pages : _billustrations ; _c24 cm. |
||
| 336 |
_atext _2rdacontent |
||
| 337 |
_aunmediated _2rdamedia |
||
| 338 |
_avolume _2rdacarrier |
||
| 504 | _aIncludes bibliographical references and index. | ||
| 546 | _aSummary in English. | ||
| 650 | 7 |
_aKırım Savaşı, 1853-1856 _xKatılım, Polonya _vKongreler _2etuturkob _9120397 |
|
| 650 | 7 |
_aKırım Savaşı, 1853-1856 _vKongreler _2etuturkob _9120396 |
|
| 650 | 0 |
_aCrimean War, 1853-1856 _vCongresses _9120395 |
|
| 650 | 0 |
_aCrimean War, 1853-1856 _xParticipation, Polish _vCongresses _9120364 |
|
| 651 | 7 |
_aPolonya _xTarih _y1830-1864 _vKongreler _2etuturkob _9120398 |
|
| 651 | 0 |
_aPoland _xHistory _y1830-1864 _vCongresses _9120365 |
|
| 700 | 1 |
_aBorejsza, Jerzy W. _eeditor _9120332 |
|
| 700 | 1 |
_aBąbiak, Grzegorz Paweł _eeditor _9120366 |
|
| 710 | 1 |
_aPolski Instytut Spraw Międzynarodowych _9120367 |
|
| 942 |
_2lcc _cBK |
||